000
00328nam a22001337a 4500
008
171207b xxu||||| |||| 00| 0 eng d
020
_a
9781506316208
041
_a
eng
080
_a
616.073
100
_a
6
101
_a
RAD
245
_a
INFANCY THROUGH MIDDLE CHILDHOOD CHILD DEVELOPMENT
_c
LEVINE.L.E
942
_2
udc
_c
BK
999
_c
38819
_d
38819